Ruch prawniczy, ekonomiczny i socjologiczny

Saved in:
Bibliographic Details
Format: Serial
Language:Polish
Published: Warszawa Wyd. naukowe 1989
Tags: Add Tag
No Tags, Be the first to tag this record!

MARC

LEADER 00000nas2a2200000 4500
001 s034231
005 20250730114144.9
041 0 |a pol 
044 |a PL 
245 1 0 |a Ruch prawniczy, ekonomiczny i socjologiczny 
264 1 |a Warszawa  |b Wyd. naukowe  |c 1989 
300 |a 2 zv. 
773 0 |w eu_un_cat*s120218